Diccionario Bable de González Posada y Academia Asturiana de Letras

Saved in:
Bibliographic Details
Main Author: Busto, Marino (Author)
Format: Book
Language:Spanish
Published: Oviedo Instituto de Estudios Asturianos 1986
Series:Biblioteca Literaria Asturiana, 1
Subjects:
Tags: Add Tag
No Tags, Be the first to tag this record!

MARC

LEADER 00000nam a2200000 a 4500
001 UCN2575
003 CL-VaPUC
008 010530e19860000SP |||||||||||||||||spa|d
082 0 4 |a 417.22  |b BUS  |2 21 
100 0 |a Busto, Marino  |e author  |9 458572 
245 1 0 |a Diccionario Bable de González Posada y Academia Asturiana de Letras 
300 |a 100 p 
942 |c BK 
945 |d 20010530 00:00:00  |a cmena 
260 |a Oviedo  |b Instituto de Estudios Asturianos  |c 1986 
650 0 |a Diccionarios  |9 256200 
650 7 |a DIALECTOS  |2 CL-VaPUC  |9 348323 
650 7 |a REFRANES  |2 CL-VaPUC  |9 373405 
651 7 |a ASTURIAS  |2 CL-VaPUC  |9 268747 
583 |a last modification  |c 20010530 00:00:00  |k Rodrigo Vera 
490 0 |a Biblioteca Literaria Asturiana, 1 
999 |c 295633  |d 295631 
952 |0 0  |1 0  |4 0  |6 417_220000000000000_BUS_1986  |7 0  |8 X  |9 348913  |a BIBHIS  |b BIBHIS  |d 2019-11-20  |i 3664341  |o 417.22 BUS 1986  |p 3664341  |r 2024-01-30  |w 2019-11-20  |y BK_X  |k HIS